Interacting with audiences: social influences on the production of scientific writing

Saved in:
Bibliographic Details
Main Author: Blakeslee, Ann M (Author)
Format: Book
Language:English
Published: Mahwah Lawrence Erlbaum Associates 2001
Series:Rhetoric, Knowledge, and Society. A Series of Monographs
Subjects:
Tags: Add Tag
No Tags, Be the first to tag this record!

MARC

LEADER 00000nam a2200000 a 4500
001 UCM3614
003 CL-VaPUC
008 020712e20010000us |||||||||||||||||eng|d
082 0 4 |a 530.014  |b BLA  |2 21 
100 0 |a Blakeslee, Ann M  |e author  |9 470305 
245 1 0 |a Interacting with audiences: social influences on the production of scientific writing 
300 |a 141 p 
942 |c BK 
945 |d 20020712 00:00:00  |a cmena 
260 |a Mahwah  |b Lawrence Erlbaum Associates  |c 2001 
650 0 |a Física   |9 227844 
650 0 |a Escritos científicos  |9 470306 
650 0 |a Comunicación   |9 257251 
650 0 |a Aspectos sociales  |9 254894 
583 |a last modification  |c 20180502 10:14:18  |k Rodrigo Vera 
490 0 |a Rhetoric, Knowledge, and Society. A Series of Monographs 
999 |c 300821  |d 300819 
952 |0 0  |1 0  |4 0  |6 530_014000000000000_BLA_2001  |7 0  |8 A  |9 359163  |a FDOPOS  |b FDOPOS  |d 2019-11-21  |i 3826929  |o 530.014 BLA 2001  |p 3826929  |r 2025-01-22  |w 2019-11-21  |y BK  |k MLA